Semiconductor Physics And Devices (Record no. 349844)

MARC details
000 -LEADER
fixed length control field 00477nam a2200181Ia 4500
008 - FIXED-LENGTH DATA ELEMENTS--GENERAL INFORMATION
fixed length control field 230718s9999 xx 000 0 und d
020 ## - INTERNATIONAL STANDARD BOOK NUMBER
International Standard Book Number 9780071070102
041 ## - LANGUAGE CODE
Language code of text/sound track or separate title eng
082 ## - DEWEY DECIMAL CLASSIFICATION NUMBER
Classification number 621.382
Item number NEA
100 ## - MAIN ENTRY--PERSONAL NAME
Personal name Neamen D.A.
245 ## - TITLE STATEMENT
Title Semiconductor Physics And Devices
250 ## - EDITION STATEMENT
Edition statement 4th ed.
260 ## - PUBLICATION, DISTRIBUTION, ETC. (IMPRINT)
Date of publication, distribution, etc. 2013
Name of publisher, distributor, etc. McGraw Hill
300 ## - PHYSICAL DESCRIPTION
Extent 500
365 ## - TRADE PRICE
Currency code Rs.
Price amount 695.00
700 ## - ADDED ENTRY--PERSONAL NAME
Personal name Neamen D.A. & Biswas D.
906 ## - LOCAL DATA ELEMENT F, LDF (RLIN)
d O:0647004-Aug-2019B:554930-Jul-2019
c SE
b 347.5
Holdings
Withdrawn status Lost status Damaged status Not for loan Home library Current library Date acquired Vendor Budget Code Cost, normal purchase price Bill number Total Checkouts Full call number Barcode Date last seen Discount Cost, replacement price Bill Date Koha item type Original Barcode
        Cummins College of Engineering for Women Pune Cummins College of Engineering for Women Pune 04/08/2019 Om Book Stall SE 521.25 5549   621.382 CCEP-BK-61051 18/07/2023 347.5 695.00 30/07/2019 Books 061051